000
00345nam a22001457a 4500
008
210426b ||||| |||| 00| 0 eng d
020
_a
0387976817
041
_a
eng
080
_a
618
082
_a
618
100
_a
10
101
_a
GJIN
245
_a
Percutaneous Venous Blood Sampling in Endocrine Diseases
_c
Uflacker,R
942
_2
udc
_c
BK
999
_c
56697
_d
56697